01344na a2200301 450000100060000000300080000600500170001400800410003102000150007203500100008704000250009704100130012208200410013511000450017622200320022124502510025324600760050424600300058026000600061030000300067050000640070054600570076465000500082165000410087165100470091265100450095965100380100415206MIRAKIL20181213155228.0160920b tu 000 0  a9751918499 a15206 aMilasbturcTR-AnCHP aturaeng a304.6021 1990 TÜRKİYEbT95g 1997 aTürkiye İstatistik Kurumu (TÜİK) aGenel nüfus sayımı 1990 a1990 genel nüfus sayımıbDaimi ikametgaha göre iç göçün sosyal ve ekonomik nitelikleri = 1990 census of population : social and economic characteristics of internal migration by permanent residencecDevlet İstatistik Enstitüsü aDaimi ikametgaha göre iç göçün sosyal ve ekonomik nitelikleri a1990 census of population aAnkarabDevlet İstatistik Enstitüsü (DİE)c1997 axvi, 199 s.btbl.c30 sm. aKurumun yeni adı: Türkiye İstatistik Kurumu (TÜİK) aMetinler Türkçe-İngilizce karşılıklıdır. aSosyo ekonomik göstergelerx1990zTürkiye aNüfus sayımlarıx1990zTürkiye aTürkiyexEkonomik durumyİstatistikler aTürkiyexSosyal durumyİstatistikler aTürkiyexNüfus sayımı, 1990